Thinking like an engineer : (Record no. 23437)
[ view plain ]
| 000 -LEADER | |
|---|---|
| fixed length control field | 01171cam a22002775a 4500 |
| 001 - CONTROL NUMBER | |
| control field | 016876410 |
| 003 - CONTROL NUMBER IDENTIFIER | |
| control field | OSt |
| 005 - DATE AND TIME OF LATEST TRANSACTION | |
| control field | 20161204140635.0 |
| 008 - FIXED-LENGTH DATA ELEMENTS--GENERAL INFORMATION | |
| fixed length control field | 140930t2015 njua fr 001 0 eng d |
| 020 ## - INTERNATIONAL STANDARD BOOK NUMBER | |
| International Standard Book Number | 9781292019451 |
| 020 ## - INTERNATIONAL STANDARD BOOK NUMBER | |
| International Standard Book Number | 129201945X |
| 040 ## - CATALOGING SOURCE | |
| Original cataloging agency | Uk |
| Language of cataloging | eng |
| Transcribing agency | Uk |
| Modifying agency | EG-ScBUE |
| 082 04 - DEWEY DECIMAL CLASSIFICATION NUMBER | |
| Classification number | 620.00711 |
| Edition number | 22 |
| Item number | THI |
| 245 00 - TITLE STATEMENT | |
| Title | Thinking like an engineer : |
| Remainder of title | an active learning approach / |
| Statement of responsibility, etc | Elizabeth A. Stephan ... [et al.] |
| 250 ## - EDITION STATEMENT | |
| Edition statement | 3rd ed., Global ed. |
| 260 ## - PUBLICATION, DISTRIBUTION, ETC. (IMPRINT) | |
| Place of publication, distribution, etc | Upper Saddle River : |
| Name of publisher, distributor, etc | Pearson Education Limited, |
| Date of publication, distribution, etc | c.2015. |
| 300 ## - PHYSICAL DESCRIPTION | |
| Extent | 796, 9 p. : |
| Other physical details | ill. ; |
| Dimensions | 26 cm. |
| 500 ## - GENERAL NOTE | |
| General note | Index : p. 792-796. |
| 500 ## - GENERAL NOTE | |
| General note | "Authorized adaptation from the United States edition, entitled Thinking like an engineer: an active learning approach, 3rd edition, ISBN 9780133593211, by Eizabeth A. Stephan, David R. Bowman, William J. Park, Benjamin L. Sill and Matthew W. Ohland, published by Pearson Education, Inc. ©2015"--Title page verso. |
| 650 #7 - SUBJECT ADDED ENTRY--TOPICAL TERM | |
| Topical term or geographic name as entry element | Engineering |
| General subdivision | Study and teaching (Higher) |
| Source of heading or term | BUEsh |
| 9 (RLIN) | 23782 |
| 650 #7 - SUBJECT ADDED ENTRY--TOPICAL TERM | |
| Topical term or geographic name as entry element | Active learning. |
| Source of heading or term | BUEsh |
| 9 (RLIN) | 14349 |
| 651 ## - SUBJECT ADDED ENTRY--GEOGRAPHIC NAME | |
| Source of heading or term | BUEsh |
| 653 ## - INDEX TERM--UNCONTROLLED | |
| Resource For college | Engineering, General |
| Arrived date list | December2016 |
| 700 1# - ADDED ENTRY--PERSONAL NAME | |
| Personal name | Stephan, Elizabeth A. |
| 942 ## - ADDED ENTRY ELEMENTS (KOHA) | |
| Source of classification or shelving scheme | Dewey Decimal Classification |
| Withdrawn status | Item status | Source of classification or shelving scheme | Damaged status | Not for loan | Vendor | Home library | Current library | Shelving location | Date acquired | Source of acquisition | Cost, normal purchase price | Serial Enumeration / chronology | Total Checkouts | Full call number | Barcode | Date last seen | Cost, replacement price | Koha item type |
|---|---|---|---|---|---|---|---|---|---|---|---|---|---|---|---|---|---|---|
| Dewey Decimal Classification | Baccah | Central Library | Central Library | First floor | 04/12/2016 | Purchase | 480.00 | 25145 | 620.00711 THI | 000040252 | 15/07/2025 | 600.00 | Book - Borrowing |